| 000 | 01366nam a22002537a 4500 | ||
|---|---|---|---|
| 001 | 3629 | ||
| 003 | FISKH | ||
| 005 | 20240401093353.0 | ||
| 008 | 240401b cb ||||| |||| 00| 0 eng d | ||
| 020 | _a9789995001698 | ||
| 040 |
_aFISKH _bkhr _dFISKH _cFISKH |
||
| 050 | _aPZ7 | ||
| 082 | _a372.62 | ||
| 100 | _aCheat, Ton | ||
| 245 | _aសៀវភៅហ្វឹកហាត់ ភាសាខ្មែរ ថ្នាក់ទី១ / | ||
| 260 |
_aភ្នំពេញ : _bគ្រិះស្ថានបោះពុម្ពនិងចែកផ្សាយ, _c២០១៧. |
||
| 300 |
_a120 pages : _billustrations ; _c21 cm |
||
| 520 | _aសៀវភៅហ្វឹកហាត់នេះជាជំនួយដល់កុមារនៅក្នុងការរៀនសរសេរតួរអក្សរឡើងវិញក្រោមការណែនាំដោយផ្ទាល់ពីឪពុកម្ដាយ ឬអាណាព្យាបាលដើម្បីអោយកុមារឆាប់ងាយចាប់បាន។ | ||
| 520 | _aThis workbook helps children learn to rewrite letters under the direct guidance of a parent or guardian so that children can catch them easily. | ||
| 650 | _aសៀវភៅហ្វឹកហាត់ | ||
| 650 | _aPractice Book | ||
| 942 |
_2ddc _cKHB _n0 |
||
| 999 |
_c3629 _d3629 |
||